000
00282nam a2200121Ia 4500
999
_c
14213
_d
14213
008
260210s9999 xx 000 0 und d
020
_a
9791189659240
082
_a
725.8
100
_a
Archilab
245
0
_a
Neighborhood Facility Vol 4
260
_b
Archilab
942
_c
BPLAN
_2
ddc